Writing and producing radio dramas : communication for behaviour change, volume 1

Bibliographic Details
Main Author: Fossard, Esta de
Format: Book
Published: New Delhi : Sage Publications , 2005
Subjects:

MARC

LEADER 00000cam a2200000 7i4500
001 0000038360
005 20131108.0
008 131108
020 |a 0761933263 
090 0 0 |a 652.302   |b FOS 
100 1 |a Fossard, Esta de 
245 1 0 |a Writing and producing radio dramas :   |b communication for behaviour change, volume 1   |c Esta de Fossard 
260 |a New Delhi :   |b Sage Publications ,   |c 2005 
650 0 |a Radio plays   |x Authorship 
650 0 |a Radio   |x Production and direction 
999 |a 0001243188   |b Book   |c Adult Collection   |e Perbadanan Perpustakaan Awam Johor